LIBRARY & INFORMATION CENTRE, KCAET, TAVANUR

ONLINE PUBLIC ACCESS CATALOGUE (OPAC)

Joyce Cary / (Record no. 6697)

MARC details
000 -LEADER
fixed length control field 00371cam a2200157ua 4500
041 ## - LANGUAGE CODE
Language code of text/sound track or separate title eng
082 ## - DEWEY DECIMAL CLASSIFICATION NUMBER
Classification number 828.09
Item number ALL/JO
100 ## - MAIN ENTRY--AUTHOR NAME
Personal name Allen, Walter .
245 ## - TITLE STATEMENT
Title Joyce Cary /
250 ## - EDITION STATEMENT
Edition statement 1 /
260 ## - PUBLICATION, DISTRIBUTION, ETC. (IMPRINT)
Place of publication London :
Name of publisher Longman Green and Co ,
Year of publication 1963.
300 ## - PHYSICAL DESCRIPTION
Number of Pages 34 ; .
942 ## - ADDED ENTRY ELEMENTS (KOHA)
Koha item type Books
Holdings
Withdrawn status Lost status Damaged status Home library Current library Date acquired Full call number Accession Number Koha item type
Withdrawn   Damaged KAUAET Malayalam University 07/04/2012 828.09 5425 Books
free website counter